<The> development and testing of Heckscher-Ohlin trade models <a> review

Salvato in:
Dettagli Bibliografici
Autore principale: Baldwin, Robert E.
Natura: Libro
Lingua:inglese
Pubblicazione: Cambridge <The> MIT Press 2008
Serie:<The> Ohlin lectures
Soggetti:
Tags: Aggiungi Tag
Nessun Tag, puoi essere il primo ad aggiungerne!!

MARC

LEADER 00000nam a2200000 4500
001 0143821
005 20240306135623.6
020 |a 978-0-262-02656-7 
041 0 |a eng 
044 |a US 
245 1 0 |a <The> development and testing of Heckscher-Ohlin trade models  |b <a> review  |c Robert E. Baldwin 
264 1 |a Cambridge  |b <The> MIT Press  |c 2008 
300 |a xi, 227 s. 
490 1 |a <The> Ohlin lectures 
830 0 |a <The> Ohlin lectures 
610 2 0 |a ekonometria 
610 2 0 |a modely ekonometrické 
610 2 0 |a modely ekonomicko-matematické 
610 2 0 |a modely obchodu zahraničného 
610 2 0 |a obchod medzinárodný 
100 1 |a Baldwin, Robert E.